20 Największych państw w historii - Statystyki

Ogólne statystyki
  • Ten quiz został rozwiązany 530 razy
  • Średni wynik to 7 z 20
Statystyki odpowiedzi
Istnienie Państwo % Poprawnych
2014 Rosja
88%
1945-1991 Związek Radziecki
75%
od 1999 Chiny
74%
1790 Chiny/Cesarstwo Qing
74%
1898-1946 USA/Stany Zjednoczone
73%
od 1949 Kanada
59%
1922 Imperium Brytyjskie
45%
1270 Imperium Mongolskie
40%
115-117 Cesarstwo Rzymskie
37%
od 1939 Australia
33%
1942 III Rzesza
31%
480 p.n.e. Persja/Imperium Achemenidów
21%
1866 Imperium Rosyjskie
20%
1942 Imperium Japońskie
9%
1923-1938 Francuskie Imperium Kolonialne
6%
1740-1790 Hiszpańskie Imperium Kolonialne
6%
1815 Portugalskie Imperium Kolonialne
5%
1822-1825 Cesarstwo Brazylii
2%
750 Kalifad Abbasydów
1%
720-732 Kalifad Umajjadów
1%
Nie znaleziono quizów pasujących do podanych kryteriów
Rozkład punktacji
Procent ludzi z każdym wynikiem
Percentyl według liczby udzielonych odpowiedzi
Twoja historia wyników
Nie rozwiązałeś tego quizu